Postharvest handing of fresh cut flowers and plant material (Record no. 10299)

000 -LEADER
fixed length control field 00267nam a22001217a 4500
040 ## - CATALOGING SOURCE
Transcribing agency LP
082 ## - DEWEY DECIMAL CLASSIFICATION NUMBER
Classification number 635
100 ## - MAIN ENTRY--AUTHOR NAME
Personal name NA
245 ## - TITLE STATEMENT
Title Postharvest handing of fresh cut flowers and plant material
260 ## - PUBLICATION, DISTRIBUTION, ETC. (IMPRINT)
Place of publication Thailand
Name of publisher NA
Year of publication 1997
300 ## - PHYSICAL DESCRIPTION
Number of Pages 11p;
942 ## - ADDED ENTRY ELEMENTS (KOHA)
Koha item type ADB
952 ## - LOCATION AND ITEM INFORMATION (KOHA)
Withdrawn status [LOCAL, KOHA] 0
Holdings
Permanent Location Date acquired Koha item type Lost status Shelving location Barcode Current Location Full call number
Library Block C2016-10-11សៀវភៅភាសាអង់គ្លេស C258RUA045794Library Block C635 NA NA C258
មជ្ឈមណ្ឌលឯការនៃសាកលវិទ្យាល័យភូមិន្ទកសិកម្មចំការដូង

Powered by Koha